Several complex variables /
Guardado en:
| Autor Principal: | |
|---|---|
| Otros Autores: | |
| Formato: | Libro |
| Idioma: | English German |
| Publicado: |
New York :
Springer-Verlag,
c1976.
|
| Series: | Graduate texts in mathematics ;
38 |
| Materias: | |
| Etiquetas: |
Agregar Etiqueta
Sin Etiquetas, Sea el primero en etiquetar este registro!
|
| LEADER | 00987cam a2200265 a 4500 | ||
|---|---|---|---|
| 001 | MAT.inmabb002943 | ||
| 008 | 760120s1976####nyua#####b####001#0#eng## | ||
| 005 | 20130323063045.0 | ||
| 245 | 1 | 0 | |a Several complex variables / |c H. Grauert, K. Fritzsche. |
| 260 | |a New York : |b Springer-Verlag, |c c1976. | ||
| 300 | |a viii, 207 p. : |b il. ; |c 24 cm. | ||
| 440 | 0 | |a Graduate texts in mathematics ; |v 38 | |
| 500 | |a Traducción de: Einführung in die Funktionentheorie mehrerer Veränderlicher. Berlin : Springer, 1974. | ||
| 504 | |a Bibliografía: p. 201-202. | ||
| 510 | 4 | |a MR, |c 51 #8448 |3 (de la versión original) | |
| 020 | |a 0387901728 | ||
| 100 | 1 | |a Grauert, Hans, |d 1930- | |
| 240 | 1 | 0 | |a Einführung in die Funktionentheorie mehrerer Veränderlicher. |l Inglés |
| 700 | 1 | |a Fritzsche, Klaus. | |
| 650 | 0 | |a Functions of several complex variables. | |
| 084 | |a 32-01 |2 msc2000 | ||
| 010 | |a 75046503 | ||
| 040 | |a DLC |c DLC |d DLC | ||
| 041 | 1 | |a eng |h ger | |
| 859 | |h 32 |i G774 |p A-4850 |b BIB. MATEMATICA | ||
